[Event "Chigorin Memorial"]
[Site "St Petersburg RUS"]
[Date "2013.10.09"]
[Round "5.21"]
[White "Bukavshin,I"]
[Black "Nakar,Ey"]
[Result "1-0"]
[WhiteElo "2553"]
[BlackElo "2390"]

1.d4 Nf6 2.Nf3 e6 3.c4 Bb4+ 4.Nc3 c5 5.g3 cxd4 6.Nxd4 O-O 7.Bg2 d5 8.cxd5 Nxd5
9.Qb3 Qb6 10.Bxd5 exd5 11.Be3 Nc6 12.Nxc6 Qxc6 13.Qxb4 d4 14.f3 dxe3 15.O-O a5
16.Qf4 Re8 17.Rfd1 Be6 18.Rac1 h6 19.Rd4 Rac8 20.a3 Qb6 21.b4 axb4 22.axb4 Red8
23.Re4 Rd2 24.Qxe3 Qxe3+ 25.Rxe3 Rb2 26.b5 Rxb5 27.Nxb5 Rxc1+ 28.Kf2 Kf8
29.Nd4 Bc4 30.Nf5 Be6 31.Nd4 Bc4 32.Re5 Ba6 33.g4 g6 34.h4 Rc4 35.Ke3 Rc3+
36.Kf4 Rc4 37.Rd5 Rb4 38.e3 Bc4 39.Rd8+ Kg7 40.h5 g5+ 41.Ke5 Kh7 42.Rd6 Ra4
43.Nf5 Ra5+ 44.Ke4 Ra6 45.Rd2 Rb6 46.Rc2 Be6 47.Nd4 Kg7 48.Ke5 Ra6 49.Rc5 Rb6
50.Rc7 Kf8 51.Rc1 Kg7 52.Rc5 Kf8 53.Ra5 Kg7 54.Ra8 Bd7 55.Rd8 Be6 56.Re8 Bd7
57.Re7 Bc8 58.Re8 Bd7 59.Rd8 Be6 60.Rb8 Bd7 61.Kd5 Kh7 62.Kc5 Rb1 63.Kd6 Be6
64.Ke7 Bc4 65.Rc8 Ba2 66.Rc2 Bb3 67.Rc3 Ba2 68.Ra3 Bc4 69.Ra4 b5 70.Ra6 b4
71.Rc6 Bd5 72.Rb6 b3 73.e4 Bc4 74.Nf5 Be6 75.Rb8 Rf1 76.Nd4 Bc4 77.Rb6 Rd1
78.Nf5 Be6 79.Nd6 Rd3 80.Nxf7 Bxf7 81.Kxf7 Rxf3+ 82.Ke6 Rf4 83.e5 Rxg4 84.Rxb3 Rf4
85.Kd6 Rd4+ 86.Ke6 Kg7 87.Rb7+ Kf8 88.Rf7+ Kg8 89.Rd7 Rf4 90.Rd6 g4 91.Kd5 Kh7
92.Rg6 Ra4 93.e6 Ra5+ 94.Kd6 Rxh5 95.Rxg4 Rh1 96.e7 Re1 97.Kd7 h5 98.Rg5 Kh6
99.Rd5 h4 100.e8=Q Rxe8 101.Kxe8 h3 102.Rd3  1-0

[Event "7th Univ Cent Open 2013"]
[Site "Bogota COL"]
[Date "2013.10.10"]
[Round "2.38"]
[White "Argote Heredia,Valentina"]
[Black "Lizarazo,J"]
[Result "1-0"]
[WhiteElo "1861"]
[BlackElo "2112"]

1.d4 Nf6 2.c4 e6 3.Nc3 Bb4 4.Nf3 b6 5.Bg5 Bb7 6.e3 d6 7.Qa4+ Nc6 8.d5 Bxc3+
9.bxc3 Qd7 10.dxc6 Bxc6 11.Qc2 Ne4 12.Bh4 h6 13.Bd3 f5 14.Nd4 Bb7 15.f3 Nc5
16.e4 g5 17.Bf2 f4 18.e5 Nxd3+ 19.Qxd3 dxe5 20.Qg6+ Qf7 21.Qxf7+ Kxf7 22.Nb5 g4
23.Ke2 gxf3+ 24.gxf3 e4  1-0

[Event "66th ch-RUS 2013"]
[Site "Nizhny Novgorod RUS"]
[Date "2013.10.11"]
[Round "6.5"]
[White "Shomoev,A"]
[Black "Karjakin,Sergey"]
[Result "0-1"]
[WhiteElo "2579"]
[BlackElo "2762"]

1.d4 Nf6 2.c4 e6 3.Nc3 Bb4 4.Nf3 b6 5.e3 Bb7 6.Bd3 O-O 7.O-O d5 8.cxd5 exd5
9.Ne5 Nbd7 10.f4 c5 11.Bd2 a5 12.Bf5 g6 13.Bxd7 Nxd7 14.a3 Bxc3 15.Bxc3 c4
16.f5 Nf6 17.Qf3 Ne4 18.fxg6 hxg6 19.Qh3 Bc8 20.g4 Kg7 21.Qg2 f6 22.Nf3 Qe7
23.Rae1 Be6 24.g5 fxg5 25.Nd2 Rxf1+ 26.Rxf1 Nxc3 27.bxc3 Rh8 28.Rf3 g4 29.Rf1 Rh3
30.e4 Rxc3 31.exd5 Bf5 32.Qf2 Rc2 33.Qf4 c3 34.Nc4 Qe4 35.Qe5+ Qxe5 36.dxe5 Bd3
37.d6 Bxc4 38.d7 Rd2  0-1

[Event "Chinese Teams 2013"]
[Site "Qingdao CHN"]
[Date "2013.10.11"]
[Round "12.1"]
[White "Li Shilong"]
[Black "Ma,Zhonghan"]
[Result "1-0"]
[WhiteElo "2523"]
[BlackElo "2401"]

1.d4 Nf6 2.c4 e6 3.Nc3 Bb4 4.Nf3 O-O 5.Bg5 c5 6.d5 exd5 7.cxd5 d6 8.a3 Bxc3+
9.bxc3 Nbd7 10.c4 h6 11.Bd2 Ne4 12.e3 Ndf6 13.Be2 Bg4 14.O-O Re8 15.Be1 Qd7
16.a4 b6 17.Nh4 Bxe2 18.Qxe2 Ng5 19.f3 Ngh7 20.Qd3 a6 21.e4 Rab8 22.Nf5 g6
23.Nxh6+ Kg7 24.Bd2 b5 25.axb5 axb5 26.cxb5 Qxb5 27.Qxb5 Rxb5 28.Rfb1 Rxb1+
29.Rxb1 Re7 30.g4 Nd7 31.Rb7 Kf8 32.Bf4 Ne5 33.Rb8+ Re8 34.Rxe8+ Kxe8 35.Bxe5 dxe5
36.h4 Ke7 37.Kf2 Nf6 38.Ke3 Nd7 39.Kd3 f6 40.h5 Kf8 41.hxg6 Kg7 42.Nf7 Kxg6
43.Nd8 Nb6 44.Ne6 c4+ 45.Kc3 Kf7 46.Kb4 Ke7 47.Nc5 Kd6 48.Nb7+ Kc7 49.Na5 Nd7
50.Nxc4 Nf8 51.g5 fxg5 52.Nxe5 Nh7 53.Kc5  1-0

[Event "TCh-ISL Div1 2013-14"]
[Site "Reykjavik ISL"]
[Date "2013.10.11"]
[Round "2.5"]
[White "Thorsteins,K"]
[Black "Stefansson,H"]
[Result "0-1"]
[WhiteElo "2463"]
[BlackElo "2521"]

1.d4 Nf6 2.c4 e6 3.Nc3 Bb4 4.Nf3 c5 5.g3 Nc6 6.Bg2 Ne4 7.Bd2 Nxd2 8.Qxd2 cxd4
9.Nxd4 O-O 10.O-O Ne5 11.b3 a6 12.a3 Be7 13.Rfd1 Qc7 14.e3 Rb8 15.Qb2 b6
16.Rac1 Bb7 17.f4 Bxg2 18.Qxg2 Ng4 19.Qe2 f5 20.a4 Bc5 21.Rd3 Rbe8 22.Rcd1 Rf7
23.e4 Qb8 24.e5 d6 25.exd6 e5 26.fxe5 Rxe5 27.Qf3 Qxd6 28.h3 Ne3 29.Rxe3 Bxd4
30.Kh2 f4 31.Red3 fxg3+ 32.Qxg3 Rf2+ 33.Kh1 Qc6+  0-1

[Event "TCh-ISL Div1 2013-14"]
[Site "Reykjavik ISL"]
[Date "2013.10.12"]
[Round "4.3"]
[White "Kjartansson,O"]
[Black "Karlsson,B"]
[Result "0-1"]
[WhiteElo "2002"]
[BlackElo "2269"]

1.d4 Nf6 2.c4 e6 3.Nc3 Bb4 4.Nf3 b6 5.Bg5 Bb7 6.e3 h6 7.Bh4 Bxc3+ 8.bxc3 d6
9.Bd3 Nbd7 10.O-O Qe7 11.Nd2 g5 12.Bg3 h5 13.f3 h4 14.Bf2 O-O-O 15.Re1 g4
16.fxg4 h3 17.g3 Rdg8 18.Be2 Rg6 19.Bf3 Rhg8 20.Bxb7+ Kxb7 21.Qf3+ Kb8 22.a4 Nxg4
23.a5 Rf6 24.Qc6 Rxf2 25.a6 Rg2+ 26.Kh1 Nf2+  0-1

[Event "TCh-BEL 2013-14"]
[Site "Belgium BEL"]
[Date "2013.10.13"]
[Round "3.6"]
[White "Bertrem,S"]
[Black "Memeti,K"]
[Result "1/2-1/2"]
[WhiteElo "2235"]
[BlackElo "2194"]

1.d4 e6 2.c4 Bb4+ 3.Nc3 Nf6 4.Nf3 Nc6 5.Qc2 O-O 6.Bg5 h6 7.Bf4 d6 8.a3 Bxc3+
9.Qxc3 Qe7 10.e3 Re8 11.Bg3 Ne4 12.Qc2 Nxg3 13.hxg3 e5 14.d5 Nb8 15.Be2 c6
16.O-O a5 17.b4 Na6 18.Qd2 Bf5 19.dxc6 bxc6 20.Rfd1 Red8 21.Qc3 axb4 22.axb4 Qb7
23.c5 Qxb4 24.Qxb4 Nxb4 25.Rxa8 Rxa8 26.cxd6 f6 27.Bc4+ Kf8 28.Nd2 Bc2 29.Rc1 Rd8
30.Be2 Rxd6 31.Nc4 Rd8 32.Bf3 e4 33.Bg4 g6 34.Na5 f5 35.Nxc6 Nxc6 36.Rxc2  1/2-1/2

[Event "Chigorin Memorial"]
[Site "St Petersburg RUS"]
[Date "2013.10.13"]
[Round "9.4"]
[White "Bukavshin,I"]
[Black "Alekseev,Evgeny"]
[Result "1/2-1/2"]
[WhiteElo "2553"]
[BlackElo "2707"]

1.d4 Nf6 2.c4 e6 3.Nc3 Bb4 4.Nf3 b6 5.e3 Ne4 6.Qc2 Bb7 7.Bd3 f5 8.O-O Bxc3
9.bxc3 O-O 10.a4 Nc6 11.Ba3 Re8 12.Rfb1 Ng5 13.Nd2 Qf6 14.f4 Nf7 15.e4 Nh6
16.Nb3 Ne7 17.Rf1 fxe4 18.Bxe4 Bxe4 19.Qxe4 Qf5 20.Qe2 Qg4 21.Qd3 Qf5 22.Qe2 Qg4
23.Qd3 Qf5 24.Qe2  1/2-1/2

[Event "TCh-SUI 2013"]
[Site "Switzerland SUI"]
[Date "2013.10.13"]
[Round "9.2"]
[White "Edouard,R"]
[Black "Moor,O"]
[Result "1-0"]
[WhiteElo "2666"]
[BlackElo "2391"]

1.c4 e6 2.d4 Nf6 3.Nc3 Bb4 4.Nf3 d6 5.Qc2 Nc6 6.a3 Bxc3+ 7.Qxc3 a5 8.b3 O-O
9.g3 Re8 10.Bg2 e5 11.d5 Ne7 12.Nd2 c6 13.dxc6 Nxc6 14.O-O d5 15.cxd5 Nxd5
16.Qb2 Nd4 17.e3 Ne2+ 18.Kh1 Nf6 19.Nc4 Nxc1 20.Raxc1 Qe7 21.Qc3 Ra6 22.Qxe5 Qxe5
23.Nxe5 Be6 24.Nd3 Bxb3 25.Nc5 Rb6 26.Rb1  1-0

[Event "4th Continental Class 2013"]
[Site "Arlington USA"]
[Date "2013.10.14"]
[Round "9.5"]
[White "Kekelidze,M"]
[Black "Panjwani,R"]
[Result "1-0"]
[WhiteElo "2463"]
[BlackElo "2422"]

1.d4 Nf6 2.c4 e6 3.Nf3 Bb4+ 4.Nc3 c5 5.g3 O-O 6.Bg2 Bxc3+ 7.bxc3 d6 8.O-O Qe7
9.Nh4 Nc6 10.Rb1 Nd7 11.f4 f5 12.e4 fxe4 13.Bxe4 Nf6 14.Bg2 Qc7 15.g4 cxd4
16.g5 Ne8 17.cxd4 Na5 18.f5 Qxc4 19.f6 Nc6 20.Be3 g6 21.Rc1 Qxa2 22.Nxg6 hxg6
23.Qd3 Kf7 24.Be4 Rg8 25.Bxg6+ Rxg6 26.Qxg6+ Kxg6 27.f7 Bd7 28.f8=Q e5 29.Qh6+  1-0

[Event "7th Univ Cent Open 2013"]
[Site "Bogota COL"]
[Date "2013.10.14"]
[Round "9.7"]
[White "Castro,O"]
[Black "Obregon Rivero,J"]
[Result "0-1"]
[WhiteElo "2343"]
[BlackElo "2526"]

1.d4 e6 2.c4 Nf6 3.Nc3 Bb4 4.Nf3 d5 5.cxd5 exd5 6.Bg5 h6 7.Bh4 O-O 8.Qb3 Nc6
9.e3 Bf5 10.Bb5 Qd6 11.Bxf6 gxf6 12.a3 Ba5 13.O-O Ne7 14.Ne2 Bg4 15.Bd3 Bxf3
16.gxf3 Kh8 17.Kh1 c6 18.Rg1 Rg8 19.Rg3 Bc7 20.f4 Rxg3 21.hxg3 b6 22.Kg2 c5
23.dxc5 bxc5 24.Qc3 Bb6 25.Rh1 Kg7 26.Bc2 Rd8 27.Qd3 f5 28.Rd1 d4 29.exd4 cxd4
30.Qf3 Qe6 31.b4 Qa2 32.Qb3 Qxb3 33.Bxb3 d3 34.Ng1 a5 35.b5 Bc5 36.a4 Nc8
37.Nf3 Bb4 38.Ne5 d2 39.Nc6 Rd3 40.Bc2 Ra3 41.Nxb4 axb4 42.Rxd2 Ra2 43.Re2 b3
44.Bd3 Nd6 45.a5 Nxb5 46.Bxb5 b2 47.Bd3 b1=Q 48.Bxb1 Rxe2 49.Kf3 Rb2 50.Bd3 Ra2
51.a6 Kf6 52.Ke3 Ke7 53.Bxf5 Rxa6 54.g4 Ra4 55.Bc2 Rb4 56.f3 Kd6 57.Be4 Kc5
58.Kf2 Kd4 59.Kg3 Rb5 60.Bc6 Rc5 61.Be8 f6 62.Bg6 Ke3 63.Be4 Rc1 64.f5 Ra1
65.Kh4 Rh1+ 66.Kg3 Ke2 67.Bd5 Ke3 68.Be4 h5 69.Kg2 Rd1 70.gxh5 Kf4 71.Bc6 Kxf5
72.Be8  0-1

[Event "I La Marina"]
[Site "Ibiza ESP"]
[Date "2013.10.16"]
[Round "7.1"]
[White "Garcia Roman,D"]
[Black "Cruz,Jon"]
[Result "1-0"]
[WhiteElo "2391"]
[BlackElo "2473"]

1.d4 Nf6 2.c4 e6 3.Nc3 Bb4 4.Nf3 O-O 5.Bg5 d5 6.e3 a6 7.Bd3 c5 8.cxd5 cxd4
9.exd4 exd5 10.O-O Bg4 11.Bxf6 gxf6 12.h3 Bh5 13.Be2 Nc6 14.Nh2 Bg6 15.Bf3 Bxc3
16.bxc3 Rc8 17.Ng4 f5 18.Ne3 Ne7 19.Qb3 b5 20.Nxd5 Nxd5 21.Bxd5 Qg5 22.f4 Qe7
23.Rae1 Qc7 24.Re3 Qd6 25.g3 Rfd8 26.Bf3 Rd7 27.h4 h6 28.h5 Bh7 29.Rfe1 Kg7
30.d5 Rc4 31.Qb2 Rdc7 32.Be2 Re4 33.c4+ f6 34.Rxe4 fxe4 35.cxb5 Qc5+ 36.Kg2 axb5
37.Qxb5 Qd6 38.Qb8 e3 39.Kh2 Be4 40.Rd1 Qd7 41.Qb6 Bf5 42.Qxe3 Qd6 43.Rd2 Re7
44.Qf2 Rb7 45.Bf3 Rc7 46.a4 Rc3 47.Bg2 Rc5 48.Rb2 Bc8 49.Qd2 Rc7 50.Qd3 f5
51.Rc2 Kf8 52.Rxc7 Qxc7 53.Qd4 Kg8 54.d6 Qf7 55.Bd5 Be6 56.Bxe6 Qxe6 57.Qd2 Qd7
58.a5 Kf8 59.a6  1-0

[Event "SPICE Cup Open 2013"]
[Site "St Louis USA"]
[Date "2013.10.17"]
[Round "5.2"]
[White "Ipatov,Alexander"]
[Black "Panjwani,R"]
[Result "1-0"]
[WhiteElo "2625"]
[BlackElo "2422"]

1.d4 Nf6 2.c4 e6 3.Nc3 Bb4 4.Nf3 c5 5.g3 Bxc3+ 6.bxc3 Qa5 7.Bd2 b6 8.Bg2 Bb7
9.O-O O-O 10.d5 Qa6 11.Re1 Ne4 12.Qc2 f5 13.Bf4 Qxc4 14.Ne5 Qa6 15.Bxe4 fxe4
16.dxe6 dxe6 17.Rad1 Nc6 18.Rd7 Rad8 19.Qxe4 Rxd7 20.Nxd7 Re8 21.Bh6 Re7
22.Bxg7 Nd8 23.Qf4 Rf7 24.Qg5 Rf5 25.Qxd8+ Kxg7 26.Qe7+ Rf7 27.Qg5+ Kh8 28.Ne5 Rg7
29.Qd8+ Rg8 30.Qf6+ Rg7 31.Nf7+  1-0

[Event "SPICE Cup Open 2013"]
[Site "St Louis USA"]
[Date "2013.10.17"]
[Round "5.6"]
[White "Lenderman,A"]
[Black "Ruiz C,J"]
[Result "0-1"]
[WhiteElo "2539"]
[BlackElo "2399"]

1.d4 Nf6 2.c4 e6 3.Nc3 Bb4 4.Nf3 b6 5.Bg5 Bb7 6.e3 O-O 7.Bd3 Bxc3+ 8.bxc3 d6
9.Nd2 Nbd7 10.O-O h6 11.Bh4 Qe7 12.f4 e5 13.fxe5 dxe5 14.d5 Qd6 15.Bf5 Kh8
16.Bb1 Rae8 17.a4 c6 18.e4 cxd5 19.cxd5 Qc5+ 20.Bf2 Qxc3 21.Ba2 Rc8 22.Re1 Ne8
23.Be3 Nd6 24.Qh5 Kh7 25.Nf3 Rfe8 26.Qh4 Ba6 27.h3 Bd3 28.Rad1 Bc2 29.Rd2 Qa3
30.Rf2 f6 31.Qg4 Nf8 32.Nh4 Qxa2 33.Bxh6 Kxh6 34.Re3 Qa1+ 35.Kh2 Rc3 36.Nf5+ Nxf5
37.Rxf5 g6 38.Qh4+ Kg7 39.Qxf6+ Kh6 40.Qh4+ Kg7 41.Qf6+ Kh6 42.g4 Kh7 43.Qf7+ Kh8
44.Qxe8 gxf5 45.Qxf8+ Kh7 46.Qxf5+ Kg8 47.Qxe5 Qf1 48.Qg5+ Kf7 49.Qh5+ Kg7
50.Qe5+ Kg8 51.Qb8+ Kf7 52.Qxa7+ Ke8 53.Qb8+ Kd7 54.Qb7+ Rc7 55.Qxc7+ Kxc7
56.Rc3+ Kd6 57.Rxc2 Qf4+ 58.Kg1 Qxe4 59.Rg2 Qxa4 60.g5 Qd4+ 61.Kh2 b5 62.g6 Qg7
63.Rg4 b4 64.Rg3 Kxd5 65.h4 Kc4 66.Rg4+ Kb5  0-1

[Event "SPICE Cup Open 2013"]
[Site "St Louis USA"]
[Date "2013.10.19"]
[Round "8.17"]
[White "Banawa,Jou"]
[Black "Colas,Joshua"]
[Result "1/2-1/2"]
[WhiteElo "2305"]
[BlackElo "2242"]

1.d4 Nf6 2.c4 e6 3.Nc3 Bb4 4.Nf3 b6 5.Bg5 Bb7 6.Nd2 Be7 7.Nf3 O-O 8.e3 c5
9.Bd3 cxd4 10.exd4 d5 11.O-O dxc4 12.Bxc4 Nc6 13.a3 Rc8 14.Ba2 Na5 15.Ne5 h6
16.Bh4 Ba6 17.Re1 Nc4 18.Bxc4 Bxc4 19.Qa4 Bd5 20.Bxf6 Bxf6 21.Nxd5 Qxd5 22.Qxa7 Qxd4
23.Nd7 Rfd8 24.Nxf6+ Qxf6 25.Qxb6 Rb8 26.Qe3 Rxb2 27.Rab1 Rdb8 28.Rxb2 Qxb2
29.Qc1 Qa2 30.g3  1/2-1/2

[Event "29th ECC Open 2013"]
[Site "Rhodes GRE"]
[Date "2013.10.21"]
[Round "2.1"]
[White "Jakovenko,D"]
[Black "Ikonnikov,Vy"]
[Result "1-0"]
[WhiteElo "2719"]
[BlackElo "2564"]

1.d4 Nf6 2.c4 e6 3.Nc3 Bb4 4.Nf3 d6 5.Qc2 Nbd7 6.g3 e5 7.Bg2 O-O 8.O-O Bxc3
9.Qxc3 e4 10.Nd2 Re8 11.f3 exf3 12.exf3 d5 13.c5 Nf8 14.Rd1 h6 15.Nf1 Ng6
16.b4 c6 17.a4 Bd7 18.Be3 Qc8 19.Rab1 a6 20.Re1 Bh3 21.Bh1 Qd7 22.Bf2 Rxe1
23.Rxe1 Re8 24.Rxe8+ Qxe8 25.Ne3 h5 26.Qd3 Qd7 27.Nd1 Ne7 28.Be3 Qf5 29.Nf2 Qxd3
30.Nxd3 Bf5 31.Nb2 Bh3 32.Nd3 Bf5 33.Ne1 Bh3 34.Bg5 Kf8 35.Bxf6 gxf6 36.Bg2 Bxg2
37.Kxg2 Kg7 38.Kf2 Kg6 39.Ke3 h4 40.g4 f5 41.Kf4 fxg4 42.fxg4 Kf6 43.g5+ Ke6
44.Kg4 f6 45.Ng2 fxg5 46.Kxg5 Ng8 47.Nxh4 Nf6 48.Kg6  1-0

[Event "29th ECC Open 2013"]
[Site "Rhodes GRE"]
[Date "2013.10.21"]
[Round "2.1"]
[White "Agdestein,S"]
[Black "Shengelia,D"]
[Result "1/2-1/2"]
[WhiteElo "2603"]
[BlackElo "2556"]

1.d4 Nf6 2.c4 e6 3.Nc3 Bb4 4.Nf3 b6 5.Bg5 Bb7 6.e3 h6 7.Bh4 g5 8.Bg3 Ne4
9.Qc2 d6 10.Bd3 Bxc3+ 11.bxc3 f5 12.h3 Nd7 13.Bh2 Qe7 14.O-O-O O-O-O 15.Ne1 Kb8
16.f3 Nef6 17.Kb2 h5 18.Bg3 h4 19.Bf2 Nh5 20.Qa4 Ng3 21.Rg1 Rhf8 22.Nc2 a5
23.Rde1 Ne4 24.fxe4 fxe4 25.Be2 Rxf2 26.Kb1 e5 27.Na1 exd4 28.cxd4 d5 29.c5 bxc5
30.Qxa5 cxd4 31.exd4 c5 32.Rgf1 Rxf1 33.Bxf1 Rc8 34.Nc2 cxd4 35.Nxd4 Ne5
36.Qd2 Qf6 37.Rd1 Nd3 38.Nb5 Qb6 39.Bxd3 exd3 40.Qb2 Ba6 41.Qe5+ Ka8 42.Qxd5+ Qc6
43.Qxc6+ Rxc6 44.a4 Bxb5 45.axb5 Rc2 46.Rxd3 Rxg2 47.Kc1 Kb7 48.Kd1 Kb6 49.Rb3 g4
50.hxg4 Rxg4 51.Ke2  1/2-1/2

[Event "Guernsey Open 2013"]
[Site "Guernsey GCI"]
[Date "2013.10.22"]
[Round "3"]
[White "Maloberti,D"]
[Black "Fassaert,D"]
[Result "1-0"]
[WhiteElo "2059"]
[BlackElo "1919"]

1.d4 Nf6 2.c4 e6 3.Nf3 Bb4+ 4.Nc3 c5 5.e3 Nc6 6.a3 Bxc3+ 7.bxc3 d6 8.Bd3 e5
9.Qc2 O-O 10.O-O h6 11.d5 Ne7 12.Nd2 Bg4 13.f4 exf4 14.exf4 Nd7 15.h3 Bh5
16.Ne4 Qc7 17.g4 Bg6 18.f5 Bh7 19.f6 Ng6 20.fxg7 Kxg7 21.Ng3 Nde5 22.Bxh6+ Kxh6
23.Nf5+ Kg5 24.Qd2+ Kf6 25.g5+  1-0

[Event "29th ECC Open 2013"]
[Site "Rhodes GRE"]
[Date "2013.10.22"]
[Round "3.1"]
[White "Topalov,V"]
[Black "Georgiev,Ki"]
[Result "1-0"]
[WhiteElo "2771"]
[BlackElo "2664"]

1.d4 Nf6 2.c4 e6 3.Nc3 Bb4 4.Nf3 b6 5.Qb3 c5 6.Bg5 h6 7.Bh4 g5 8.Bg3 Ne4
9.e3 Bb7 10.d5 d6 11.O-O-O Bxc3 12.bxc3 Nd7 13.Qc2 Nxg3 14.hxg3 Qf6 15.Bd3 O-O-O
16.Be4 Kc7 17.Nd2 exd5 18.Bxd5 Ne5 19.f3 Qg6 20.e4 h5 21.Nf1 g4 22.f4 Bxd5
23.cxd5 Nc4 24.Qa4 Na5 25.Ne3 h4 26.Rxh4 Rxh4 27.gxh4 Qf6 28.e5 dxe5 29.d6+ Kc8
30.d7+ Kb8 31.Nxg4 Qe6 32.fxe5 Nc4 33.Nf6 Nxe5 34.Qf4 Kb7 35.h5 c4 36.Kc2 Nxd7
37.Rd6 Qe7 38.Qd4 Nxf6 39.Rxd8 Qe2+ 40.Kb1 Qf1+ 41.Qd1 Qxg2 42.Rd6 Qf2 43.h6 Kc7
44.Qd4 Qf5+ 45.Kb2 Qb5+ 46.Ka1 Qg5 47.Qd2 Qf5 48.Rd4 Kb7 49.Qg2+ Ka6 50.Qe2 b5
51.Rd6+ Ka5 52.Qe3 Qf1+ 53.Kb2 Qg2+ 54.Ka3  1-0

[Event "29th ECC Open 2013"]
[Site "Rhodes GRE"]
[Date "2013.10.23"]
[Round "4.2"]
[White "Korobov,A"]
[Black "Vitiugov,N"]
[Result "1-0"]
[WhiteElo "2716"]
[BlackElo "2729"]

1.d4 Nf6 2.c4 e6 3.Nf3 Bb4+ 4.Nc3 b6 5.e3 Bb7 6.Bd3 Bxc3+ 7.bxc3 d6 8.O-O O-O
9.Nd2 e5 10.e4 Re8 11.Re1 Nc6 12.Bb2 Na5 13.Qe2 Qd7 14.Nf1 exd4 15.Qc2 Nc6
16.Ng3 dxc3 17.Bxc3 Qd8 18.f4 Nd7 19.Rad1 Ne7 20.Nh5 g6 21.Nf6+ Nxf6 22.Bxf6 Qd7
23.f5 h6 24.Rf1 Qc6 25.Bd4 g5 26.h4 Kf8 27.hxg5 hxg5 28.Qd2 f6 29.Bxf6 Qc5+
30.Rf2 Kf7 31.Bxg5 Rg8 32.Be2 Nc6 33.Bh5+ Kf8 34.Bf6  1-0

[Event "29th ECC Open 2013"]
[Site "Rhodes GRE"]
[Date "2013.10.23"]
[Round "4.13"]
[White "Harakis,A"]
[Black "Ekeberg,C"]
[Result "0-1"]
[WhiteElo "2239"]
[BlackElo "2288"]

1.d4 Nf6 2.c4 e6 3.Nc3 Bb4 4.Nf3 b6 5.Bg5 Bb7 6.Rc1 h6 7.Bh4 g5 8.Bg3 Ne4
9.Nd2 Bxc3 10.bxc3 Nxd2 11.Qxd2 d6 12.h4 Rg8 13.hxg5 hxg5 14.c5 dxc5 15.e4 Bxe4
16.Qe3 Bc6 17.Bd3 Nd7 18.Kf1 Nf6 19.Qe5 Ke7 20.Bc4 Bd5 21.Be2 c4 22.Re1 Ne4
23.Rh7 Qd6 24.Bh5 Nxg3+ 25.fxg3 Qxe5 26.Rxf7+ Kd6 27.Rxe5 Raf8 28.Kg1 Rxf7
29.Bxf7 Rg7 30.Bh5 c5 31.Kf2 cxd4 32.cxd4 c3 33.Re2 b5 34.Ke3 a5 35.Rf2 Rc7
36.Bd1 b4 37.g4 Ke7 38.g3 Rc8 39.Rh2 Kf6 40.Kd3 Bc4+ 41.Ke3 Bd5 42.Kd3 Kg6
43.Ke3 Kg7 44.Kd3 Rh8 45.Rxh8 Kxh8 46.a3 Kg7 47.axb4 axb4 48.Ba4 Kf6 49.Be8 Bf3
50.Ba4 Bd5  0-1

[Event "29th ECC Open 2013"]
[Site "Rhodes GRE"]
[Date "2013.10.26"]
[Round "7.13"]
[White "Ganaus,H"]
[Black "Nemeth,Mi1"]
[Result "0-1"]
[WhiteElo "2302"]
[BlackElo "2468"]

1.d4 Nf6 2.c4 e6 3.Nc3 Bb4 4.Nf3 b6 5.Qb3 c5 6.Bg5 Nc6 7.e3 Ba6 8.O-O-O Bxc3
9.bxc3 cxd4 10.Nxd4 Na5 11.Qb4 Rc8 12.f3 Rc5 13.Bh4 Bxc4 14.e4 Qc8 15.Kb1 O-O
16.Bxc4 Nxc4 17.Ka1 Re8 18.Bxf6 gxf6 19.h4 d5 20.exd5 Rxd5 21.g4 Ne3 22.Rc1 Rc5
23.Qb2 Nd5 24.Ne2 Rd8 25.Ng3 Rc4 26.Nh5 Kf8 27.Rhd1 Ke7 28.Rd4 a5 29.Qd2 Rxd4
30.cxd4 Qd7 31.Ng3 Rc8 32.Re1 Qa4 33.Re2 Qa3 34.Re1 Nb4 35.Nf5+ Kd8  0-1

[Event "17th OIBM 2013"]
[Site "Bad Wiessee GER"]
[Date "2013.10.31"]
[Round "7.10"]
[White "Bluebaum,M"]
[Black "Kurmann,O"]
[Result "1/2-1/2"]
[WhiteElo "2510"]
[BlackElo "2411"]

1.d4 Nf6 2.c4 e6 3.Nc3 Bb4 4.Nf3 c5 5.g3 Ne4 6.Bd2 Bxc3 7.bxc3 b6 8.Bf4 Bb7
9.Qd3 g5 10.Bxb8 Rxb8 11.Bg2 f5 12.h4 g4 13.Nd2 Nxd2 14.Bxb7 Rxb7 15.Qxd2 O-O
16.Qf4 Rc7 17.d5 exd5 18.Rd1 dxc4 19.Rd5 Rc6 20.Qxc4 Kh8 21.Qd3 c4 22.Qd2 Qf6
23.e3 d6 24.O-O Re8 25.Rd1 Re5 26.Rd4 Qe6 27.Qb2 a5 28.a4 d5 29.Qd2 Rc5 30.Rb1  1/2-1/2

[Event "80th ch-BRA S/F 1 2013"]
[Site "Rio de Janeiro BRA"]
[Date "2013.10.31"]
[Round "1.4"]
[White "Disconzi da Silva,R"]
[Black "Da Silva,P"]
[Result "1/2-1/2"]
[WhiteElo "2374"]
[BlackElo "2128"]

1.d4 Nf6 2.c4 e6 3.Nf3 Bb4+ 4.Nc3 O-O 5.Bg5 c5 6.e3 Bxc3+ 7.bxc3 d6 8.Bd3 Nc6
9.O-O e5 10.d5 Na5 11.Nd2 h6 12.Bh4 g5 13.Bg3 Bg4 14.f3 Bh5 15.Qc2 Nd7 16.f4 Qe7
17.Rf2 Kg7 18.fxg5 hxg5 19.Bf5 Nb6 20.Qe4 Rh8 21.Rb1 Nd7 22.Rbf1 Raf8 23.Qb1 Nf6
24.h3 Rh6 25.Qb5 b6 26.Qa6 Bg6 27.Qb5 g4 28.Bxg6 fxg6 29.h4 Rhh8 30.Qa6 Qb7
31.Qb5 Qe7 32.Qa6 Qb7 33.Qxb7+ Nxb7 34.e4 Na5 35.Re1 Nh5 36.Rxf8 Rxf8 37.Kh2 Rf7
38.Re3 Kh6 39.Be1 g5 40.hxg5+ Kxg5 41.g3 Kg6 42.Kg2 Nf6 43.Re2 Nh7 44.Rf2 Ng5  1/2-1/2

[Event "80th ch-BRA S/F 1 2013"]
[Site "Rio de Janeiro BRA"]
[Date "2013.10.31"]
[Round "1.17"]
[White "Chaves,Jor"]
[Black "Gauche,C"]
[Result "1-0"]
[WhiteElo "2023"]
[BlackElo "2233"]

1.d4 Nf6 2.c4 e6 3.Nf3 Bb4+ 4.Nc3 d6 5.Qc2 Qe7 6.e3 O-O 7.a3 Bxc3+ 8.Qxc3 Ne4
9.Qc2 f5 10.b4 Nd7 11.g3 Ndf6 12.Bg2 a5 13.Bb2 b6 14.b5 Bb7 15.O-O-O c6 16.bxc6 Bxc6
17.Kb1 Qd7 18.Rdf1 Nxg3 19.d5 Ba4 20.Qd3 Nxh1 21.dxe6 Qe7 22.Ng5 Rac8 23.Qxf5 g6
24.Qh3 Rxc4 25.Nf7 Bc2+ 26.Ka1 Bf5 27.Nh6+ Kh8 28.Nxf5 Qxe6 29.Qh6 Rf7 30.Nd4 Qe8
31.Bxh1 Rc5 32.Qh3 Kg8 33.Rd1 Ne4 34.Bxe4 Qxe4 35.Qg3 Qe7 36.f4 Kf8 37.Qh3 Rc4
38.Ne6+ Kg8 39.Ng5 Qd7 40.Qf1 b5 41.Nxf7 Kxf7 42.Qd3 Ke7 43.Qd5 Rc5 44.Qd4 Rh5
45.Qf6+ Ke8 46.Rxd6  1-0

[Event "2nd Danube Rapid Cup 2013"]
[Site "Kozloduy BUL"]
[Date "2013.11.01"]
[Round "2.1"]
[White "Petkov,V"]
[Black "Baklan,V"]
[Result "0-1"]
[WhiteElo "2570"]
[BlackElo "2627"]

1.d4 Nf6 2.c4 e6 3.Nc3 Bb4 4.Nf3 c5 5.g3 Bxc3+ 6.bxc3 Qa5 7.Bd2 b6 8.Bg2 Bb7
9.O-O O-O 10.d5 exd5 11.cxd5 c4 12.d6 Re8 13.Re1 Na6 14.Qc2 Be4 15.Qb2 Nc5
16.Qb4 Qa6 17.a4 Nb3 18.Ra2 Rac8 19.Nh4 Bxg2 20.Nxg2 Nd5 21.Qa3 Qa5 22.e4 Nxd2
23.Rxd2 Nxc3 24.Rd4 Nb5 25.Qe3 Nxd4 26.Qxd4 Qe5 27.Qd1 c3 28.Nf4 c2 29.Qd2 Qxe4
30.Rc1 Rc4 31.Nd5 Qe1+  0-1

[Event "2nd Danube Rapid Cup 2013"]
[Site "Kozloduy BUL"]
[Date "2013.11.01"]
[Round "4.1"]
[White "Petkov,V"]
[Black "Iordachescu,V"]
[Result "0-1"]
[WhiteElo "2570"]
[BlackElo "2614"]

1.d4 Nf6 2.c4 e6 3.Nc3 Bb4 4.Nf3 b6 5.Bg5 h6 6.Bh4 g5 7.Bg3 Ne4 8.Qc2 Bb7
9.e3 Bxc3+ 10.bxc3 d6 11.Bd3 f5 12.d5 Na6 13.Bxe4 fxe4 14.Nd4 exd5 15.cxd5 Nc5
16.O-O Bxd5 17.f4 Bc4 18.Rf2 Qd7 19.fxg5 hxg5 20.Nb3 Nd3 21.Rf6 O-O-O 22.Nd2 Bd5
23.c4 Bb7 24.Raf1 Qc6 25.R1f5 g4 26.Nb3 Ba6 27.Nd2 Kb8 28.Qc3 Bc8 29.Rd5 Nc5
30.Nb3 Rhf8 31.Nxc5 bxc5 32.Rd2 Ka8 33.Rdf2 Rxf6 34.Qxf6 Re8 35.Qg7 Be6 36.Qg6 a6
37.Rf6 Bxc4 38.Qxg4 Bd3 39.Qg6 Rb8 40.h4 c4 41.Bxd6 cxd6 42.Rxd6 Qc5 43.Rxa6+ Kb7
44.Rf6 Rc8 45.Rf5 Qxe3+ 46.Kh2 Qb6 47.Rf7+ Rc7 48.Rf6 Qc5 49.Qe8 c3 50.Rf8 Rc8
51.Rf7+ Kb8 52.Qa4 c2 53.Qb3+ Bb5 54.Qg3+ Rc7 55.Qg8+ Kb7 56.Rxc7+ Qxc7+  0-1

[Event "2nd Danube Rapid Cup 2013"]
[Site "Kozloduy BUL"]
[Date "2013.11.02"]
[Round "6.2"]
[White "Ivanisevic,I"]
[Black "Iordachescu,V"]
[Result "1/2-1/2"]
[WhiteElo "2619"]
[BlackElo "2614"]

1.d4 Nf6 2.c4 e6 3.Nc3 Bb4 4.Nf3 b6 5.Qb3 c5 6.Bg5 Bb7 7.e3 O-O 8.a3 Ba5
9.dxc5 Na6 10.c6 Bxc6 11.Qc2 Bxc3+ 12.Qxc3 Nc5 13.Nd2 a5 14.Be2 d6 15.Bxf6 Qxf6
16.Qxf6 gxf6 17.O-O a4 18.Rad1 f5 19.Nf3 Rfd8 20.Nd4 Bd7 21.Nc2 Be8 22.Nb4 Rac8
23.Rd4 Nb3 24.Rh4 Kg7 25.Rd1 h6 26.h3 Rc5 27.Kh2 b5 28.Na6 Rc6 29.cxb5 Rc2
30.Re1 Rxe2 31.Rxe2 Bxb5 32.Rc2 Bxa6 33.Rxa4 Nc5 34.Ra5 Bd3 35.Rc3 Be4 36.b4 Nd7
37.Rc7 Ne5 38.Raa7 Kg6 39.f3 Bd5 40.b5 Rb8 41.a4 h5 42.Ra6 h4 43.Rxd6 Nc4
44.Rdd7 Nxe3 45.Rxf7 Kg5 46.Rh7 Nf1+ 47.Kg1 Nd2 48.Kf2 Nc4 49.f4+ Kg6 50.Rxh4 Nd6
51.g4 fxg4 52.hxg4 Ra8 53.Rd7 Ne4+ 54.Ke3 Nf6 55.Rc7 Rxa4 56.b6 Rb4 57.g5 Rb3+
58.Kd4 Nh5 59.Kc5 Rc3+ 60.Kd6 Rb3 61.Rc8 Rxb6+ 62.Ke5 Rb5 63.Rg8+ Kf7 64.Rh8 Bf3+
65.Kd4 Ng7 66.R4h7 Rb4+ 67.Ke3 Be4 68.Rh2 Nf5+ 69.Kd2 Rb2+ 70.Kc3 Rxh2 71.Rxh2 Kg6
72.Re2 Bd5 73.Kd3 Nd6 74.Kd4 Nf7 75.Rh2 Nxg5 76.fxg5 Kxg5 77.Ke5 Kg4  1/2-1/2

[Event "3rd Panama Open"]
[Site "Panama City PAN"]
[Date "2013.11.02"]
[Round "4.3"]
[White "Ipatov,Alexander"]
[Black "Ynojosa,F"]
[Result "1-0"]
[WhiteElo "2625"]
[BlackElo "2448"]

1.d4 Nf6 2.c4 e6 3.Nc3 Bb4 4.Nf3 b6 5.g3 Ba6 6.Qb3 c5 7.a3 Bxc3+ 8.Qxc3 cxd4
9.Nxd4 d5 10.b3 dxc4 11.bxc4 Bb7 12.f3 O-O 13.e4 e5 14.Nf5 Nbd7 15.Be2 Qc7
16.Bg5 Rfe8 17.Rd1 Re6 18.O-O Qc5+ 19.Be3 Qf8 20.g4 Nc5 21.h4 h5 22.g5 Ne8
23.Kh2 g6 24.Nh6+ Kh8 25.Bxc5 Qxc5  1-0